Crecimiento económico y calidad de vida

保存先:
書誌詳細
主要な著者: List, Peter C. (autor), Clarke, Ronald O (著者)
フォーマット: 図書
言語:スペイン語
出版事項: Buenos Aires Troquel 1977
主題:
タグ: タグ追加
タグなし, このレコードへの初めてのタグを付けませんか!

MARC

LEADER 00000nam a2200000 a 4500
001 UCQ0929
003 CL-VaPUC
008 980703e19770000AG |||||||||||||||||spa|d
082 0 4 |a 338.9  |b LIS  |2 21 
100 |a List, Peter C.  |e autor  |9 414382 
700 0 |a Clarke, Ronald O  |e author  |9 414383 
245 1 0 |a Crecimiento económico y calidad de vida 
300 |a 214 p 
942 |c BK 
945 |d 19980703 00:00:00  |a crobeson 
260 |a Buenos Aires  |b Troquel  |c 1977 
650 0 |a Desarrollo económico y social   |9 256320 
650 0 |a Crecimiento económico   |9 314037 
650 0 |a Calidad de vida   |9 322944 
650 0 |a Condiciones económicas  |9 258255 
650 7 |a FACTORES SOCIOECONOMICOS  |2 CL-VaPUC  |9 339981 
583 |a last modification  |c 19980703 00:00:00  |k Rodrigo Vera 
999 |c 271956  |d 271954 
952 |0 0  |1 0  |4 0  |6 338_900000000000000_LIS_1977  |7 0  |8 A  |9 306760  |a BIBENE  |b BIBENE  |d 2019-11-20  |i 1429795  |o 338.9 LIS 1977  |p 1429795  |r 2025-01-15  |w 2019-11-20  |y BK  |k ICO